| 000 | 00497nam a2200181Ia 4500 | ||
|---|---|---|---|
| 005 | 20250423100521.0 | ||
| 008 | 250422s9999 xx 000 0 und d | ||
| 020 | _a9783031057021 | ||
| 050 | _aTN 705 .G66/ | ||
| 100 | _aGonzalez V. Jose Ignacio et al. | ||
| 245 | 0 | _aPhysical metallurgy and heat treatment of steel | |
| 260 | _aSwitzerland | ||
| 260 | _bSpringer | ||
| 260 | _c2023 | ||
| 300 | _a332 p | ||
| 650 | _aIron-Mentallurgy Steel-Menallurgy Physical- Mentallurgy | ||
| 942 | _cBK | ||
| 999 |
_c33546 _d33546 |
||